00259nam a2200109Ia 4500008004100000041000800041082001200049100001700061245003200078260003100110300000800141230511s2012 xx 000 0 und d aeng a343.057 aDivekar G M  aThe Bombay Stamp Act 1958  aPunebHind Law Housec2012 a582